| 000 | 00453nam a2200157Ia 4500 | ||
|---|---|---|---|
| 008 | 150223s9999 xx 000 0 und d | ||
| 020 | _a9781576754306 | ||
| 050 |
_aPN 147 _b.F66 2006 |
||
| 100 | _aFoster, Jack. | ||
| 245 |
_aHow to get ideas / _cJack Foster. |
||
| 250 | _a2nd Ed. | ||
| 260 |
_aPhilippines : _bBerret-Koehler Publishers, Inc., _c2006 |
||
| 300 |
_a214 pages : _bIllustration ; _c22 cm. |
||
| 504 | _aIncludes Index. | ||
| 650 | _aIdeas | ||
| 999 |
_c283314 _d283314 |
||